| Tag |
First Indicator |
Second Indicator |
Subfields |
| LEADER |
00000pam a2200000 a 4500 |
| 001 |
in00001693413 |
| 005 |
20151024134136.0 |
| 008 |
011227s2000 enk 000 f eng |
| 015 |
|
|
|a GBA0-X3683
|
| 020 |
|
|
|a 1857151631
|
| 035 |
|
|
|a (OCoLC)ocm44484898
|
| 040 |
|
|
|a UKM
|c UKM
|d TXH
|d TXA
|d UtOrBLW
|
| 049 |
|
|
|a TXAM
|
| 082 |
0 |
4 |
|a 823.8
|2 21
|
| 090 |
|
|
|a PR4658.A2
|b E8 2000
|
| 100 |
1 |
|
|a Eliot, George,
|d 1819-1880.
|
| 245 |
1 |
0 |
|a Daniel Deronda /
|c George Eliot ; with an introduction by A.S. Byatt.
|
| 264 |
|
1 |
|a London :
|b Everyman,
|c 2000.
|
| 300 |
|
|
|a xxvii, 899 pages ;
|c 22 cm.
|
| 336 |
|
|
|a text
|b txt
|2 rdacontent
|
| 337 |
|
|
|a unmediated
|b n
|2 rdamedia
|
| 338 |
|
|
|a volume
|b nc
|2 rdacarrier
|
| 490 |
0 |
|
|a Everyman library ;
|v no. 163
|
| 650 |
|
0 |
|a Young women
|z England
|x History
|y 19th century
|v Fiction.
|
| 650 |
|
0 |
|a Upper class
|z England
|x History
|y 19th century
|v Fiction.
|
| 650 |
|
0 |
|a Marriage
|z England
|x History
|y 19th century
|v Fiction.
|
| 650 |
|
0 |
|a Jews, British
|z England
|x History
|y 19th century
|v Fiction.
|
| 651 |
|
4 |
|a England
|x Social life and customs
|y 19th century
|v Fiction.
|
| 994 |
|
|
|a E0
|b TXA
|
| 948 |
|
|
|a cataloged
|b h
|c 2002/6/18
|d c
|e blrosas
|f 12:22:26 pm
|
| 999 |
|
|
|a MARS
|
| 999 |
f |
f |
|s d552cf7b-ea04-32d2-bd3b-c20b0ba3ff88
|i bd03e1a3-68af-3e43-b5a8-7f4f45acec99
|t 0
|
| 952 |
f |
f |
|p normal
|a Texas A&M University
|b College Station
|c Sterling C. Evans Library
|d Evans: Library Stacks
|t 0
|e PR4658.A2 E8 2000
|h Library of Congress classification
|i unmediated -- volume
|m A14828978313
|
| 998 |
f |
f |
|a PR4658.A2 E8 2000
|t 0
|l Evans: Library Stacks
|